Đặc điểm nghệ thuật thơ chữ Hán của Nguyễn Du

Sách đề cập đến ba nội dung chính như những vấn đề liên quan đến văn bản thơ chữ Hán của Nguyễn Du; hình tượng con người nghệ thuật, thời gian và không gian nghệ thuật; và sau cùng là việc phân tích ngôn ngữ thơ chữ Hán của Nguyễn Du....

ver descrição completa

Na minha lista:
Detalhes bibliográficos
Autor principal: Lê Thu Yến
Formato: Livro
Idioma:Undetermined
Publicado em: Tp. HCM Thanh Niên 1999
Assuntos:
Tags: Adicionar Tag
Sem tags, seja o primeiro a adicionar uma tag!
Thư viện lưu trữ: Trung tâm Học liệu Trường Đại học Cần Thơ
LEADER 01002nam a2200205Ia 4500
001 CTU_35716
008 210402s9999 xx 000 0 und d
020 |b 24.000đ 
082 |a 808.1 
082 |b Y603 
100 |a Lê Thu Yến 
245 0 |a Đặc điểm nghệ thuật thơ chữ Hán của Nguyễn Du 
245 0 |c Lê Thu Yến 
260 |a Tp. HCM 
260 |b Thanh Niên 
260 |c 1999 
520 |a Sách đề cập đến ba nội dung chính như những vấn đề liên quan đến văn bản thơ chữ Hán của Nguyễn Du; hình tượng con người nghệ thuật, thời gian và không gian nghệ thuật; và sau cùng là việc phân tích ngôn ngữ thơ chữ Hán của Nguyễn Du. 
650 |a kieu story,poetry, theory of,vietnamese poetry - 18th century - history and criticism 
904 |i Minh, 000314 
980 |a Trung tâm Học liệu Trường Đại học Cần Thơ